000 01261cam a22003131i 4500
003 SA-RiAUC
005 20241221052055.0
008 241218s1989 le g 000 0 ara c
040 _aKW-ShULA
_bara
_cSA-RiAUC
_erda
082 0 4 _a819
_qSA-RiAUC
090 _a819
_bا ب و هـ
100 1 _aأبو هلال العسكري، الحسن بن عبد الله بن سهل،
_dتوفي بعد 395 هجري
_eمؤلف.
245 1 0 _aكتاب الصناعتين :
_bالكتابة والشعر /
_cتصنيف أبي هلال العسكري ؛ تحقيق مفيد قميحة.
246 3 0 _aالصناعتين
246 3 0 _aالكتابة والشعر
250 _aالطبعة الثانية.
264 1 _aبيروت :
_bدار الكتب العلمية،
_c1989
300 _a528 صفحة ؛
_c25 سم
336 _aنص
_btxt
_2rdacontent
_3كتاب
337 _aبدون وسيط
_bn
_2rdamedia
338 _aمجلد
_bnc
_2rdacarrier
504 _aيشتمل على إرجاعات ببليوجرافية.
590 _aالمقرشي.
650 7 _aالبلاغة العربية
_2aucsh
700 1 _aقميحة، مفيد محمد
_eمحقق.
942 _2ddc
_cBOOK
_n0
949 _aSA-JeALM
_d241218
_umohamedma123
_n1
999 _c3709
_d3709